Central Library OPAC University of Rajshahi

Stella Adler : (Record no. 83930)

MARC details
000 -LEADER
fixed length control field 00644nam a2200229 a 4500
001 - CONTROL NUMBER
control field 83930
003 - CONTROL NUMBER IDENTIFIER
rucl marc code BD-RjUL
005 - DATE AND TIME OF LATEST TRANSACTION
control field 20240627130556.0
008 - FIXED-LENGTH DATA ELEMENTS--GENERAL INFORMATION
fixed length control field 240627s2000 nyua 000 0 eng
020 ## - INTERNATIONAL STANDARD BOOK NUMBER
International Standard Book Number 1557833737
035 ## - SYSTEM CONTROL NUMBER
System control number (BD-RjUL)83930
040 ## - CATALOGING SOURCE
Original cataloging agency DLC
Transcribing agency DLC
Modifying agency DLC
-- BD-RjUL
Language of cataloging eng
041 ## - LANGUAGE CODE
Language code of text/sound track or separate title eng
082 00 - DEWEY DECIMAL CLASSIFICATION NUMBER
Edition number 21
Classification number 792.028
Author mark and year STE 2000
100 1# - MAIN ENTRY--PERSONAL NAME
Personal name Adler, Stella.
9 (RLIN) 13373
245 10 - TITLE STATEMENT
Title Stella Adler :
Remainder of title the art of acting /
Statement of responsibility, etc. compiled and edited by Howard Kissel.
260 ## - PUBLICATION, DISTRIBUTION, ETC. (IMPRINT)
Place of publication, distribution, etc. New York :
Name of publisher, distributor, etc. Applause Books,
Date of publication, distribution, etc. c2000.
300 ## - PHYSICAL DESCRIPTION
Pagination 271 p. :
Illustrations ill. ;
Size 24 cm.
650 #0 - SUBJECT ADDED ENTRY--TOPICAL TERM
Topical term or geographic name as entry element Acting.
700 1# - ADDED ENTRY--PERSONAL NAME
Personal name Kissel, Howard.
942 ## - ADDED ENTRY ELEMENTS (KOHA)
Source of classification or shelving scheme Dewey Decimal Classification
Koha item type Books
Holdings
Lost status Source of classification or shelving scheme Damaged status Not for loan Collection code Permanent Location Current Location Shelving location Date acquired Source of acquisition Cost, normal purchase price Total Checkouts Full call number Date last seen Copy number Koha item type
  Dewey Decimal Classification   Not For Loan Non-fiction Central Library, University of Rajshahi Central Library, University of Rajshahi Reading Room 25/02/2024 Dhaka : Book Finder 3184.00   792.028 STE 2000 27/06/2024 C-1 Books
  Dewey Decimal Classification     Non-fiction Central Library, University of Rajshahi Central Library, University of Rajshahi General Stacks 25/02/2024 Dhaka : Book Finder 3184.00   792.028 STE 2000 27/06/2024 C-2 Books
  Dewey Decimal Classification     Non-fiction Central Library, University of Rajshahi Central Library, University of Rajshahi General Stacks 25/02/2024 Dhaka : Book Finder 3184.00   792.028 STE 2000 27/06/2024 C-3 Books